[Event "LLWestMV2014-15"]
[Site "?"]
[Date "2015.03.15"]
[Round "7.6"]
[White "Merz, Norbert"]
[Black "Vormelker, Christian"]
[Result "0-1"]
[WhiteElo "1747"]
[BlackElo "1609"]
[PlyCount "94"]
[EventType "team-tourn"]
[EventRounds "9"]
[WhiteTeam "SV Einheit Schwerin"]
[BlackTeam "VfL Blau Weisz Neukloster"]

1. e4 c5 2. Nf3 e6 3. Nc3 a6 4. g3 Nc6 5. d3 Qc7 6. Bg2 Nf6 7. Qe2 Be7 8. Ng5
h6 9. Nh3 Nd4 10. Qd1 d6 11. Ne2 Nxe2 12. Qxe2 e5 13. f3 Be6 14. Nf2 O-O 15. h4
Nh5 16. Rh2 Nxg3 17. Qe3 Qd8 18. f4 exf4 19. Qf3 g5 20. Bd2 f5 21. e5 dxe5 22.
Qxb7 Qd6 23. hxg5 Rab8 24. Qf3 Bxg5 25. Bc3 Rbd8 26. O-O-O Bd5 27. Qxd5+ Qxd5
28. Bxd5+ Rxd5 29. Nh3 Bf6 30. Ng1 Bg7 31. Ba5 c4 32. Bb4 Rfd8 33. Re1 cxd3 34.
c4 Rd4 35. b3 e4 36. Ba5 R8d7 37. c5 e3 38. Kb1 d2 39. Rd1 Ne4 40. c6 R7d6 41.
Nf3 R4d5 42. c7 Rc6 43. Nxd2 exd2 44. Bxd2 Nc3+ 45. Bxc3 Rxd1+ 46. Kc2 Rd7 47.
Rh3 Rdxc7 0-1

[Event "LLWestMV2014-15"]
[Site "?"]
[Date "2015.03.15"]
[Round "7.7"]
[White "Kohrt, Detlef"]
[Black "Suhr, Reinhard"]
[Result "1/2-1/2"]
[WhiteElo "1459"]
[BlackElo "1517"]
[PlyCount "26"]
[EventType "team-tourn"]
[EventRounds "9"]
[WhiteTeam "VfL Blau Weisz Neukloster"]
[BlackTeam "SV Einheit Schwerin"]

1. e4 e5 2. d3 Nc6 3. Nf3 Be7 4. Nc3 Nf6 5. Bg5 d6 6. h3 Be6 7. d4 exd4 8. Nxd4
Nxd4 9. Qxd4 O-O 10. O-O-O b6 11. Bc4 Qc8 12. Bxe6 Qxe6 13. f4 c5 1/2-1/2

[Event "LLWestMV2014-15"]
[Site "?"]
[Date "2015.03.15"]
[Round "7.8"]
[White "Bartusch, Klaus"]
[Black "Luetzow, Siegfried"]
[Result "0-1"]
[WhiteElo "1576"]
[BlackElo "1593"]
[PlyCount "86"]
[EventType "team-tourn"]
[EventRounds "9"]
[WhiteTeam "SV Einheit Schwerin"]
[BlackTeam "VfL Blau Weisz Neukloster"]

1. d4 d5 2. Nf3 g6 3. c4 c6 4. Nc3 e6 5. Bg5 f6 6. Bd2 Ne7 7. e4 Bg7 8. Qc2
dxc4 9. Bxc4 b5 10. Bb3 a5 11. a3 Na6 12. O-O Nc7 13. Rfd1 O-O 14. Ne2 Kh8 15.
Rac1 Bb7 16. Bf4 Ra6 17. Bxc7 Qxc7 18. Bxe6 c5 19. d5 c4 20. b3 Bh6 21. Rb1 Bc8
22. Bxc8 Rxc8 23. bxc4 bxc4 24. Nc3 Qc5 25. a4 Bf4 26. Rb5 Qc7 27. Rdb1 Bd6 28.
Rb7 Qd8 29. Nd4 Bb4 30. Na2 Rb6 31. Rxb6 Qxb6 32. Nb5 Qc5 33. Nbc3 Re8 34. Kf1
Nc8 35. Qe2 Nb6 36. Qf3 Kg7 37. d6 Qe5 38. Qe3 Bc5 39. Qd2 Rd8 40. f4 Qh5 41.
h3 Qh4 42. e5 fxe5 43. fxe5 Rf8+ 0-1

[Event "LLWestMV2014-15"]
[Site "?"]
[Date "2015.03.15"]
[Round "7.1"]
[White "Rabinowitsch, Juri"]
[Black "Mueller, Axel"]
[Result "1/2-1/2"]
[WhiteElo "1891"]
[BlackElo "1921"]
[PlyCount "47"]
[EventType "team-tourn"]
[EventRounds "9"]
[WhiteTeam "SF Schwerin IV"]
[BlackTeam "Putlitzer SV"]

1. e4 g6 2. d4 Bg7 3. c4 d6 4. Nf3 Nd7 5. Nc3 c5 6. Be2 cxd4 7. Nxd4 Ngf6 8.
O-O O-O 9. Be3 Ne5 10. h3 Bd7 11. f4 Nc6 12. Qd2 a6 13. Rac1 Rc8 14. Kh2 Nxd4
15. Bxd4 Bc6 16. Qe3 e6 17. Bb6 Qe7 18. Bd4 Rfe8 19. Rfd1 Bh6 20. e5 Nd7 21. g3
dxe5 22. Bxe5 Nxe5 23. Qxe5 Bg7 24. Qe3 1/2-1/2

[Event "LLWestMV2014-15"]
[Site "?"]
[Date "2015.03.15"]
[Round "7.2"]
[White "Blume, Christian"]
[Black "Kupfernagel, Michael"]
[Result "1/2-1/2"]
[WhiteElo "1808"]
[BlackElo "1902"]
[PlyCount "39"]
[EventType "team-tourn"]
[EventRounds "9"]
[WhiteTeam "Putlitzer SV"]
[BlackTeam "SF Schwerin IV"]

1. c4 Nf6 2. g3 g6 3. Bg2 Bg7 4. Nc3 O-O 5. d3 d6 6. e4 c5 7. Nge2 Nc6 8. O-O
a6 9. Rb1 Rb8 10. a4 Bd7 11. b3 Ne8 12. Bb2 e6 13. f4 Nd4 14. Na2 Nxe2+ 15.
Qxe2 b5 16. Bxg7 Nxg7 17. axb5 axb5 18. Nc3 Qc7 19. Qc2 Rfc8 20. Rb2 1/2-1/2

[Event "LLWestMV2014-15"]
[Site "?"]
[Date "2015.03.15"]
[Round "7.3"]
[White "Jung, Werner"]
[Black "Vieten, Florian"]
[Result "1/2-1/2"]
[WhiteElo "1896"]
[BlackElo "1675"]
[PlyCount "89"]
[EventType "team-tourn"]
[EventRounds "9"]
[WhiteTeam "SF Schwerin IV"]
[BlackTeam "Putlitzer SV"]

1. e4 d5 2. exd5 Nf6 3. c4 e6 4. dxe6 Bxe6 5. Nf3 Qe7 6. Be2 Bxc4 7. d3 Be6 8.
O-O Nc6 9. Nc3 Qd7 10. Bf4 Bd6 11. Bxd6 Qxd6 12. Qa4 Qb4 13. Qxb4 Nxb4 14. Nd4
Bg4 15. Bxg4 Nxg4 16. Ndb5 O-O-O 17. Nxa7+ Kb8 18. Nab5 c6 19. Na3 Nxd3 20.
Rab1 b5 21. Nc2 Ngxf2 22. Nb4 Nxb4 23. Rxf2 f6 24. a3 Nd3 25. Rd2 Kc7 26. Rc2
Kb6 27. b4 Ra8 28. Rd1 Ne5 29. Ra2 Rhd8 30. Rxd8 Rxd8 31. a4 bxa4 32. Rxa4 Rd3
33. Ne4 Kb5 34. Ra7 Rd7 35. Ra1 Kxb4 36. Rb1+ Kc4 37. Rc1+ Kd4 38. Nc5 Ra7 39.
h3 Kd5 40. Kh2 Ra3 41. Nb7 Kd4 42. Nc5 Rc3 43. Ne6+ Kc4 44. Rf1 Kd5 45. Nxg7
1/2-1/2

[Event "LLWestMV2014-15"]
[Site "?"]
[Date "2015.03.15"]
[Round "7.4"]
[White "Oelke, Bernd"]
[Black "Pamperin, Gerhard"]
[Result "1/2-1/2"]
[WhiteElo "1774"]
[BlackElo "1791"]
[PlyCount "46"]
[EventType "team-tourn"]
[EventRounds "9"]
[WhiteTeam "Putlitzer SV"]
[BlackTeam "SF Schwerin IV"]

1. e4 e6 2. d4 d5 3. exd5 exd5 4. Bd3 Nf6 5. Bg5 Be7 6. Nf3 Bg4 7. Nbd2 O-O 8.
O-O c6 9. c3 Nbd7 10. Qc2 Qc7 11. Rfe1 Bd6 12. h3 Bh5 13. b4 Bg6 14. Bxg6 hxg6
15. Kf1 b5 16. a4 a6 17. a5 Rfe8 18. Qd3 Rxe1+ 19. Rxe1 Re8 20. Rxe8+ Nxe8 21.
Ke2 Nef6 22. Kd1 Nf8 23. Kc2 Ne6 1/2-1/2

[Event "LLWestMV2014-15"]
[Site "?"]
[Date "2015.03.15"]
[Round "7.5"]
[White "Weinstein, Arkadi"]
[Black "Philipp, Daniel"]
[Result "1/2-1/2"]
[WhiteElo "1705"]
[BlackElo "1609"]
[PlyCount "88"]
[EventType "team-tourn"]
[EventRounds "9"]
[WhiteTeam "SF Schwerin IV"]
[BlackTeam "Putlitzer SV"]

1. e4 e6 2. d4 d5 3. Nd2 c5 4. exd5 exd5 5. Ngf3 Nc6 6. c3 c4 7. b3 b5 8. a4
bxa4 9. bxc4 Nf6 10. Be2 Bd7 11. O-O Bd6 12. c5 Bc7 13. Bb5 O-O 14. Bxa4 Re8
15. Re1 a5 16. Bc2 Qb8 17. Nf1 Qa7 18. Ne3 Ne7 19. c4 dxc4 20. Nxc4 Bb5 21.
Nce5 Nc6 22. Bf4 Bxe5 23. Nxe5 Nb4 24. Bd2 Nxc2 25. Qxc2 a4 26. Nc4 Nd5 27.
Rxe8+ Bxe8 28. Ra3 Bc6 29. h3 f6 30. Qa2 Kh8 31. Ba5 Qd7 32. Bd2 Qa7 33. Nd6
Qd7 34. Qc4 Rf8 35. Kh2 Nb6 36. Qd3 Nd5 37. f4 Rb8 38. Qc4 Rf8 39. g4 g6 40. f5
Kg7 41. Qc1 g5 42. Qe1 Qc7 43. Kg1 Qe7 44. Qf2 Rb8 1/2-1/2

[Event "LLWestMV2014-15"]
[Site "?"]
[Date "2015.03.15"]
[Round "7.6"]
[White "Gottschalk, Maik"]
[Black "Voll, Andreas"]
[Result "0-1"]
[WhiteElo "1675"]
[BlackElo "1771"]
[PlyCount "92"]
[EventType "team-tourn"]
[EventRounds "9"]
[WhiteTeam "Putlitzer SV"]
[BlackTeam "SF Schwerin IV"]

1. c4 Nf6 2. Nc3 d6 3. g3 g6 4. Bg2 Bg7 5. Nf3 c6 6. d3 O-O 7. O-O Nbd7 8. Bd2
Rb8 9. b4 d5 10. a4 dxc4 11. dxc4 e5 12. Qc1 Qe7 13. Rb1 Re8 14. Bg5 Qe6 15.
Nd2 h6 16. Be3 Nb6 17. Bxb6 axb6 18. e4 Bf8 19. Ne2 Ra8 20. Qc2 Qg4 21. Bf3 Qe6
22. Bg2 Nh5 23. f4 exf4 24. Nxf4 Nxf4 25. Rxf4 Bg7 26. Rbf1 Re7 27. Kh1 g5 28.
R4f3 Qe5 29. Rd3 Bg4 30. Nf3 Qc7 31. Nd4 Bxd4 32. Rxd4 Qe5 33. Rd2 Bh5 34. Rdf2
Bg6 35. Re1 Rd8 36. Rfe2 Red7 37. Bh3 Rd3 38. Bf5 Bxf5 39. exf5 Qf6 40. Re8+
Kg7 41. Rxd8 Rxd8 42. g4 Rd4 43. Qe2 Qd6 44. Qb2 Qf4 45. Rg1 Kh7 46. h3 Rd2 0-1

[Event "LLWestMV2014-15"]
[Site "?"]
[Date "2015.03.15"]
[Round "7.7"]
[White "Lindner, Thomas"]
[Black "Feige, Detlef"]
[Result "1/2-1/2"]
[WhiteElo "1683"]
[BlackElo "1599"]
[PlyCount "28"]
[EventType "team-tourn"]
[EventRounds "9"]
[WhiteTeam "SF Schwerin IV"]
[BlackTeam "Putlitzer SV"]

1. d4 Nf6 2. c4 c6 3. Nc3 d5 4. Bg5 h6 5. Bxf6 exf6 6. cxd5 cxd5 7. a3 Nc6 8.
e3 a6 9. Nf3 Be6 10. Be2 Bd6 11. O-O O-O 12. Rc1 Rc8 13. Qd2 Ne7 14. h3 Ng6
1/2-1/2

[Event "LLWestMV2014-15"]
[Site "?"]
[Date "2015.03.15"]
[Round "7.8"]
[White "Neumann, Markus"]
[Black "Kirstein, Hans-Ernst"]
[Result "1/2-1/2"]
[WhiteElo "1334"]
[BlackElo "1703"]
[PlyCount "53"]
[EventType "team-tourn"]
[EventRounds "9"]
[WhiteTeam "Putlitzer SV"]
[BlackTeam "SF Schwerin IV"]

1. e4 e5 2. Nf3 Nf6 3. Nc3 Bb4 4. Nxe5 O-O 5. d3 d5 6. Bd2 Re8 7. f4 dxe4 8.
Be2 exd3 9. Bxd3 Ng4 10. O-O Qd4+ 11. Kh1 Nxe5 12. fxe5 Nc6 13. Qh5 g6 14. Qh6
Bf8 15. Qf4 Qxf4 16. Bxf4 Nxe5 17. Rae1 Bd6 18. Nb5 Bd7 19. Nxd6 cxd6 20. Rd1
Bc6 21. Kg1 Kg7 22. b3 Nxd3 23. Rxd3 Re2 24. Rf2 Re1+ 25. Rf1 Rxf1+ 26. Kxf1
Re8 27. Rxd6 1/2-1/2

[Event "LLWestMV2014-15"]
[Site "?"]
[Date "2015.04.12"]
[Round "8.1"]
[White "Montag, Ralf"]
[Black "Fischer, Thorsten"]
[Result "0-1"]
[WhiteElo "1937"]
[BlackElo "2004"]
[PlyCount "116"]
[EventType "team-tourn"]
[EventRounds "9"]
[WhiteTeam "Volley-Tigers Ludwigslust 2000"]
[BlackTeam "SF Schwerin IV"]

1. e4 c6 2. d3 d5 3. Nd2 e5 4. Ngf3 Bd6 5. Be2 Nf6 6. O-O O-O 7. b3 Re8 8. a4
Qe7 9. h3 Na6 10. Nh2 Nc5 11. Bf3 Ne6 12. Ng4 Nf4 13. Nxf6+ Qxf6 14. Bg4 Qg6
15. Qf3 f5 16. exf5 Bxf5 17. Bxf5 Qxf5 18. Qg4 Qxg4 19. hxg4 Ne2+ 20. Kh1 Bb4
21. Nf3 Bc3 22. Rb1 e4 23. dxe4 Rxe4 24. g5 Rf8 25. Rd1 Ba5 26. Rd3 Nc3 27. Ra1
Ne2 28. Be3 a6 29. Bc5 Rf5 30. g3 d4 31. Ba3 Bc3 32. Rb1 b5 33. axb5 axb5 34.
Bb2 c5 35. Bxc3 Nxc3 36. Ra1 Re2 37. Kg2 Rxc2 38. b4 Ne4 39. bxc5 Rxf2+ 40. Kg1
R2xf3 41. Rxd4 Nxc5 42. Kg2 Ne6 43. Rg4 Rf2+ 44. Kg1 Kf7 45. Ra6 Re2 46. g6+
hxg6 47. Rb4 Rc5 48. Rb1 Kf6 49. Rb6 Ree5 50. Kg2 Kg5 51. Rb4 Nc7 52. Rb7 Nd5
53. Rb2 Ne3+ 54. Kh3 Nf5 55. Rb6 Ne3 56. Rb4 Rc8 57. Rh4 Rc1 58. Kh2 Nc4 0-1

[Event "LLWestMV2014-15"]
[Site "?"]
[Date "2015.04.12"]
[Round "8.2"]
[White "Kupfernagel, Michael"]
[Black "Wiemer, Jürgen"]
[Result "1/2-1/2"]
[WhiteElo "1902"]
[BlackElo "1916"]
[PlyCount "105"]
[EventType "team-tourn"]
[EventRounds "9"]
[WhiteTeam "SF Schwerin IV"]
[BlackTeam "Volley-Tigers Ludwigslust 2000"]

1. d4 Nf6 2. Nc3 e6 3. e4 d5 4. Bg5 dxe4 5. Nxe4 Be7 6. Bxf6 gxf6 7. Nf3 f5 8.
Nc3 Nd7 9. Bd3 c6 10. Qe2 Nf6 11. a3 O-O 12. Rd1 b5 13. O-O a5 14. Rfe1 b4 15.
Nb1 Bd6 16. c4 Bc7 17. Ne5 Qxd4 18. Nxc6 Qd6 19. Ne5 Qxe5 20. Qxe5 Bxe5 21.
Rxe5 Bd7 22. f3 Ba4 23. Rd2 Nd7 24. Re1 Nc5 25. Bf1 Rfd8 26. Ree2 Nb3 27. Rxd8+
Rxd8 28. Kf2 Kf8 29. g3 Ke7 30. f4 Rd1 31. Re1 Rd4 32. Ke3 Re4+ 33. Kf2 Rxe1
34. Kxe1 Kd6 35. Nd2 Nxd2 36. Kxd2 Kc5 37. Be2 Bb3 38. Bf3 Bxc4 39. Bd1 Kd4 40.
axb4 axb4 41. Bf3 f6 42. Bd1 e5 43. Bf3 exf4 44. gxf4 Bd3 45. Bb7 Be4 46. Ba6
Bb1 47. Bb7 Bd3 48. Bc6 Bc4 49. Bg2 Ba2 50. h3 Bd5 51. Bf1 Be4 52. Ba6 h5 53.
h4 1/2-1/2

[Event "LLWestMV2014-15"]
[Site "?"]
[Date "2015.04.12"]
[Round "8.3"]
[White "Illgen, Alexander"]
[Black "Jung, Werner"]
[Result "0-1"]
[WhiteElo "1898"]
[BlackElo "1896"]
[PlyCount "58"]
[EventType "team-tourn"]
[EventRounds "9"]
[WhiteTeam "Volley-Tigers Ludwigslust 2000"]
[BlackTeam "SF Schwerin IV"]

1. d4 f5 2. c4 e6 3. Nc3 Nf6 4. Nf3 Be7 5. Bg5 Ne4 6. Bxe7 Qxe7 7. Qc2 Nxc3 8.
Qxc3 d6 9. e3 Nd7 10. Bd3 Nf6 11. h3 Bd7 12. Qc2 g6 13. Nd2 e5 14. dxe5 dxe5
15. e4 Bc6 16. O-O f4 17. Qc3 O-O-O 18. a4 Rd4 19. Nf3 Nxe4 20. Qc2 Rhd8 21.
Nxd4 Rxd4 22. f3 Ng5 23. Ra3 e4 24. fxe4 Nxe4 25. Rxf4 Qc5 26. Kh1 Ng3+ 27. Kh2
Rxf4 28. Kxg3 Qe5 29. Qc3 Qg5+ 0-1

[Event "LLWestMV2014-15"]
[Site "?"]
[Date "2015.04.12"]
[Round "8.4"]
[White "Goertz, Frank"]
[Black "Krueger, Horst"]
[Result "1-0"]
[WhiteElo "1880"]
[BlackElo "1847"]
[PlyCount "67"]
[EventType "team-tourn"]
[EventRounds "9"]
[WhiteTeam "SF Schwerin IV"]
[BlackTeam "Volley-Tigers Ludwigslust 2000"]

1. e4 c5 2. f4 e6 3. Nf3 d5 4. e5 Nc6 5. Bb5 Qb6 6. Bxc6+ bxc6 7. d3 a5 8. O-O
Nh6 9. Kh1 Ba6 10. Nbd2 Ng4 11. Nb1 c4 12. Qe2 cxd3 13. cxd3 Bc5 14. h3 Nf2+
15. Rxf2 Bxf2 16. Nc3 Bd4 17. f5 Bxc3 18. bxc3 exf5 19. e6 f6 20. Nh4 g6 21.
Nxf5 c5 22. Bf4 Bc8 23. Nd6+ Ke7 24. Re1 Rf8 25. Nf7 Rd8 26. Nxd8 Qxd8 27. Qe3
d4 28. cxd4 Qxd4 29. Qf3 Ra7 30. Qc6 c4 31. Qxc8 cxd3 32. Bd2 Qf2 33. Qc3 g5
34. Be3 1-0

[Event "LLWestMV2014-15"]
[Site "?"]
[Date "2015.04.12"]
[Round "8.5"]
[White "Hilpert, Andreas"]
[Black "Schiewer, Robert"]
[Result "0-1"]
[WhiteElo "1835"]
[BlackElo "1840"]
[PlyCount "82"]
[EventType "team-tourn"]
[EventRounds "9"]
[WhiteTeam "Volley-Tigers Ludwigslust 2000"]
[BlackTeam "SF Schwerin IV"]

1. e4 c5 2. Nc3 d6 3. g3 Nc6 4. Bg2 g6 5. Nge2 Bg7 6. O-O Nf6 7. d3 O-O 8. h3
Nd4 9. g4 h5 10. g5 Ne8 11. f4 f5 12. Be3 Nc7 13. Ng3 Rb8 14. Rf2 Qe8 15. Rb1
Qf7 16. Nd5 Nxd5 17. exd5 Nb5 18. c4 Nd4 19. b4 Bd7 20. bxc5 dxc5 21. Ne2 Rfc8
22. Nxd4 cxd4 23. Bc1 b5 24. Bf1 e6 25. cxb5 Rxb5 26. Rxb5 Bxb5 27. Bb2 exd5
28. Qa1 Rc3 29. Bxc3 dxc3 30. d4 Bxf1 31. Kxf1 Bxd4 32. Rc2 Qc7 33. Qc1 Bg7 34.
Qe3 d4 35. Qg3 Qc4+ 36. Kg2 d3 37. Rc1 Qxa2+ 38. Kf3 d2 39. Rd1 Qc4 40. Rb1 c2
41. Rb8+ Kh7 0-1

[Event "LLWestMV2014-15"]
[Site "?"]
[Date "2015.04.12"]
[Round "8.6"]
[White "Krueger, Gerhard"]
[Black "Tuchtenhagen, Harald"]
[Result "0-1"]
[WhiteElo "1814"]
[BlackElo "1797"]
[PlyCount "78"]
[EventType "team-tourn"]
[EventRounds "9"]
[WhiteTeam "SF Schwerin IV"]
[BlackTeam "Volley-Tigers Ludwigslust 2000"]

1. e4 e5 2. Nf3 Nc6 3. d4 exd4 4. Bc4 Nf6 5. O-O d6 6. Nxd4 Nxd4 7. Qxd4 Be7 8.
Nc3 O-O 9. f3 b6 10. Be3 Bb7 11. Rad1 Nd7 12. Nd5 Ne5 13. Be2 Bf6 14. Qd2 Bxd5
15. Qxd5 Ng6 16. c3 Qe7 17. Rd2 Qe5 18. Qc6 Qe7 19. Rfd1 Kh8 20. Qd5 Qe5 21.
Qc4 Qe7 22. Rd5 Ne5 23. Qa4 a5 24. Qc2 Qe6 25. Bb5 Be7 26. Be2 f6 27. Bf2 Rad8
28. f4 Nf7 29. Rh5 Nh6 30. b3 f5 31. exf5 Rxf5 32. Rxf5 Qxf5 33. Bd3 Qxf4 34.
Bxh7 Ng4 35. Bg3 Qe3+ 36. Kh1 Qh6 37. Qe4 Qg5 38. Qf5 Qxf5 39. Bxf5 Ne3 0-1

[Event "LLWestMV2014-15"]
[Site "?"]
[Date "2015.04.12"]
[Round "8.7"]
[White "Mitscherling, Reinhard"]
[Black "Pamperin, Gerhard"]
[Result "1/2-1/2"]
[WhiteElo "1791"]
[BlackElo "1791"]
[PlyCount "35"]
[EventType "team-tourn"]
[EventRounds "9"]
[WhiteTeam "Volley-Tigers Ludwigslust 2000"]
[BlackTeam "SF Schwerin IV"]

1. d4 d5 2. Nf3 Nf6 3. c4 e6 4. Nc3 Be7 5. Bf4 c6 6. e3 O-O 7. Bd3 dxc4 8. Bxc4
Nd5 9. Bg3 Nd7 10. O-O N7f6 11. Ne5 Nxc3 12. bxc3 Ne4 13. Bd3 Nxg3 14. hxg3 Bd7
15. Qh5 g6 16. Nxg6 fxg6 17. Bxg6 hxg6 18. Qxg6+ 1/2-1/2

[Event "LLWestMV2014-15"]
[Site "?"]
[Date "2015.04.12"]
[Round "8.8"]
[White "Popp, Michael"]
[Black "Emmrich, Olaf"]
[Result "1/2-1/2"]
[WhiteElo "1743"]
[BlackElo "1785"]
[PlyCount "89"]
[EventType "team-tourn"]
[EventRounds "9"]
[WhiteTeam "SF Schwerin IV"]
[BlackTeam "Volley-Tigers Ludwigslust 2000"]

1. e4 d6 2. d4 Nf6 3. Bd3 c6 4. Ne2 e5 5. c3 Be7 6. O-O O-O 7. Ng3 Qb6 8. Bc2
Na6 9. b3 c5 10. d5 Qc7 11. Bd3 Bd7 12. Qe2 Rab8 13. a4 Qb6 14. Nd2 Bg4 15. Qe1
Nh5 16. Nxh5 Bxh5 17. Rb1 Qd8 18. Nc4 Nc7 19. b4 cxb4 20. cxb4 Bg6 21. Be3 Nxd5
22. Qd2 Nxe3 23. Nxe3 Bg5 24. Qe2 Bxe3 25. Qxe3 b6 26. Rbc1 d5 27. exd5 Qxd5
28. Rfd1 Rbd8 29. Be2 Qa2 30. Rxd8 Rxd8 31. Qxe5 Qd2 32. Qc7 h6 33. h3 Re8 34.
Bf3 Qxb4 35. Qxa7 Bc2 36. Bc6 Re1+ 37. Rxe1 Qxe1+ 38. Kh2 Qxf2 39. Qc7 Qc5 40.
Qd7 Kh7 41. Qe8 Bg6 42. Qd7 Qe5+ 43. Kh1 f5 44. Qd8 Qe1+ 45. Kh2 1/2-1/2

[Event "LLWestMV2014-15"]
[Site "?"]
[Date "2015.04.12"]
[Round "8.1"]
[White "Mueller, Axel"]
[Black "Skriwanek, Arne"]
[Result "1-0"]
[WhiteElo "1923"]
[BlackElo "1762"]
[PlyCount "67"]
[EventType "team-tourn"]
[EventRounds "9"]
[WhiteTeam "Putlitzer SV"]
[BlackTeam "VfL Blau Weisz Neukloster"]

1. e4 e6 2. d4 d5 3. Bd3 c6 4. e5 Qb6 5. Nf3 c5 6. c3 Nc6 7. O-O Bd7 8. dxc5
Bxc5 9. b4 Be7 10. a4 Rc8 11. Na3 Qc7 12. Re1 f6 13. Bf4 Qd8 14. Nb5 a6 15. Na3
fxe5 16. Nxe5 Nf6 17. Nc2 d4 18. Nxc6 Bxc6 19. Nxd4 Qd5 20. f3 Bd7 21. Re5 Qd6
22. Qd2 Nd5 23. Rc1 Nxc3 24. Kh1 Nd5 25. Rxc8+ Bxc8 26. b5 Nxf4 27. Qxf4 Qa3
28. Bf1 Qa1 29. Kg1 Bf6 30. Re4 O-O 31. Nc2 Bd4+ 32. Rxd4 Rxf4 33. Rd8+ Kf7 34.
Nxa1 1-0

[Event "LLWestMV2014-15"]
[Site "?"]
[Date "2015.04.12"]
[Round "8.2"]
[White "Post, Ingo"]
[Black "Prenzlow, Michael"]
[Result "0-1"]
[WhiteElo "1545"]
[BlackElo "1816"]
[PlyCount "76"]
[EventType "team-tourn"]
[EventRounds "9"]
[WhiteTeam "VfL Blau Weisz Neukloster"]
[BlackTeam "Putlitzer SV"]

1. d4 d5 2. c4 e6 3. Nc3 Nf6 4. Bg5 Be7 5. e3 O-O 6. c5 c6 7. Bd3 Nbd7 8. Nf3
h6 9. Bh4 Nh5 10. Bg3 Nxg3 11. hxg3 Bf6 12. b4 e5 13. dxe5 Nxe5 14. Nxe5 Bxe5
15. Qc2 a5 16. Rd1 axb4 17. Ne2 Qa5 18. O-O Qxa2 19. Nd4 Qxc2 20. Bxc2 Ra5 21.
Ra1 Rxc5 22. Rfc1 Bxd4 23. exd4 Rc4 24. Bb3 Rxd4 25. Ra8 Bf5 26. Ra7 Rb8 27. f3
Kf8 28. Kh2 Ke7 29. Rxc6 Be6 30. g4 Rd3 31. Ba4 d4 32. Bb5 Rc3 33. Rb6 b3 34.
Ba4 d3 35. Rb4 d2 36. Raxb7+ Rxb7 37. Rxb7+ Kf6 38. g5+ hxg5 0-1

[Event "LLWestMV2014-15"]
[Site "?"]
[Date "2015.04.12"]
[Round "8.3"]
[White "Blume, Christian"]
[Black "Schawaller, Norbert"]
[Result "1-0"]
[WhiteElo "1808"]
[BlackElo "1473"]
[PlyCount "85"]
[EventType "team-tourn"]
[EventRounds "9"]
[WhiteTeam "Putlitzer SV"]
[BlackTeam "VfL Blau Weisz Neukloster"]

1. c4 e5 2. Nc3 Nf6 3. g3 Bc5 4. Bg2 d6 5. e3 c6 6. Nge2 Be6 7. d3 d5 8. cxd5
cxd5 9. O-O O-O 10. d4 exd4 11. Nxd4 Nc6 12. a3 a5 13. b3 Qd7 14. Bb2 Nxd4 15.
exd4 Bd6 16. Re1 b5 17. Qd3 b4 18. Na4 Qa7 19. Rec1 Rac8 20. axb4 Bxb4 21. Bc3
Bxc3 22. Rxc3 Rxc3 23. Qxc3 Nd7 24. Nc5 Nxc5 25. Rxa5 Qb7 26. Rxc5 Rb8 27. h4
Qxb3 28. Qxb3 Rxb3 29. Bxd5 Rb8 30. Be4 Rd8 31. d5 Bg4 32. f3 Bd7 33. g4 h6 34.
Kf2 f6 35. Ke3 Kf7 36. Kd4 g6 37. Rc7 g5 38. hxg5 hxg5 39. Bf5 Ke8 40. Bxd7+
Rxd7 41. Rxd7 Kxd7 42. Ke4 Ke7 43. Kf5 1-0

[Event "LLWestMV2014-15"]
[Site "?"]
[Date "2015.04.12"]
[Round "8.4"]
[White "Powilleit, Andy"]
[Black "Oelke, Bernd"]
[Result "1/2-1/2"]
[WhiteElo "1583"]
[BlackElo "1774"]
[PlyCount "42"]
[EventType "team-tourn"]
[EventRounds "9"]
[WhiteTeam "VfL Blau Weisz Neukloster"]
[BlackTeam "Putlitzer SV"]

1. e4 c6 2. Bc4 d5 3. exd5 cxd5 4. Bb5+ Nc6 5. b3 a6 6. Bxc6+ bxc6 7. Bb2 Bf5
8. Ne2 e6 9. Nd4 Qd7 10. Nxf5 exf5 11. O-O f6 12. Re1+ Kf7 13. d3 Bd6 14. Nd2
Re8 15. Nf3 Nh6 16. h3 Rxe1+ 17. Qxe1 Re8 18. Qd2 Ng8 19. Kf1 Ne7 20. Re1 Ng6
21. Rxe8 Kxe8 1/2-1/2

[Event "LLWestMV2014-15"]
[Site "?"]
[Date "2015.04.12"]
[Round "8.5"]
[White "Philipp, Daniel"]
[Black "Vormelker, Christian"]
[Result "1/2-1/2"]
[WhiteElo "1611"]
[BlackElo "1609"]
[PlyCount "59"]
[EventType "team-tourn"]
[EventRounds "9"]
[WhiteTeam "Putlitzer SV"]
[BlackTeam "VfL Blau Weisz Neukloster"]

1. e4 c5 2. Nf3 e6 3. d4 cxd4 4. Nxd4 a6 5. Nc3 Qc7 6. a3 Nf6 7. Bd3 Bc5 8. Be3
O-O 9. Qf3 d6 10. Nb3 Bxe3 11. Qxe3 Nbd7 12. O-O-O b5 13. h3 Bb7 14. f4 Nc5 15.
Nxc5 dxc5 16. e5 Nd5 17. Nxd5 Bxd5 18. Be4 Bxe4 19. Qxe4 Rfd8 20. Rd6 Rac8 21.
Rhd1 a5 22. Rxd8+ Rxd8 23. Rxd8+ Qxd8 24. Qc6 b4 25. Qxc5 bxa3 26. bxa3 g6 27.
Qd6 Qh4 28. Qd2 a4 29. c4 Qg3 30. Qd8+ 1/2-1/2

[Event "LLWestMV2014-15"]
[Site "?"]
[Date "2015.04.12"]
[Round "8.6"]
[White "Linke, Andreas"]
[Black "Gottschalk, Maik"]
[Result "0-1"]
[WhiteElo "1549"]
[BlackElo "1675"]
[PlyCount "32"]
[EventType "team-tourn"]
[EventRounds "9"]
[WhiteTeam "VfL Blau Weisz Neukloster"]
[BlackTeam "Putlitzer SV"]

1. e4 d5 2. exd5 Qxd5 3. Nc3 Qa5 4. d4 c6 5. Nf3 Nf6 6. Bd2 Qc7 7. h3 Bf5 8. g3
e6 9. Bf4 Bd6 10. Bxd6 Qxd6 11. Bd3 O-O 12. Qd2 Nbd7 13. O-O-O b5 14. g4 Bxd3
15. Qxd3 b4 16. Ne4 Qf4+ 0-1

[Event "LLWestMV2014-15"]
[Site "?"]
[Date "2015.04.12"]
[Round "8.7"]
[White "Feige, Detlef"]
[Black "Remus, Uwe"]
[Result "1/2-1/2"]
[WhiteElo "1599"]
[BlackElo "1426"]
[PlyCount "24"]
[EventType "team-tourn"]
[EventRounds "9"]
[WhiteTeam "Putlitzer SV"]
[BlackTeam "VfL Blau Weisz Neukloster"]

1. d4 d6 2. Nf3 Nf6 3. c4 g6 4. Nc3 Bg7 5. e3 O-O 6. Be2 c5 7. d5 Bg4 8. h3
Bxf3 9. Bxf3 Nbd7 10. Qc2 Ne5 11. Be2 Ne8 12. Bd2 Nc7 1/2-1/2

[Event "LLWestMV2014-15"]
[Site "?"]
[Date "2015.04.12"]
[Round "8.8"]
[White "Luetzow, Siegfried"]
[Black "Paetzke, Bernd"]
[Result "1-0"]
[WhiteElo "1593"]
[BlackElo "1443"]
[PlyCount "127"]
[EventType "team-tourn"]
[EventRounds "9"]
[WhiteTeam "VfL Blau Weisz Neukloster"]
[BlackTeam "Putlitzer SV"]

1. f4 e6 2. b3 Nf6 3. Nf3 d5 4. Bb2 Bc5 5. e3 O-O 6. d4 Be7 7. Bd3 Ne4 8. O-O
Nd7 9. c4 Ndf6 10. Qc2 h6 11. Ne5 Bd6 12. Rf3 b6 13. b4 Bxb4 14. a3 Bd6 15. Nc3
Bb7 16. cxd5 exd5 17. Bxe4 dxe4 18. Rh3 Bc8 19. Nxe4 Nxe4 20. Qxe4 Bxh3 21.
gxh3 Bxe5 22. fxe5 Re8 23. Kh1 Re6 24. Rg1 Rc8 25. d5 Rg6 26. Rxg6 fxg6 27. Qc4
Kh7 28. h4 Qf8 29. Kg2 Qf5 30. Qf4 Qc2+ 31. Qf2 Qxf2+ 32. Kxf2 Rf8+ 33. Kg3 Rf1
34. e6 Kg8 35. Be5 Rf5 36. Bxc7 Rxd5 37. Kf4 Kf8 38. e4 Rb5 39. Bd6+ Ke8 40.
Be5 Rxe5 41. Kxe5 Ke7 42. Kd5 b5 43. Kc5 a6 44. Kb6 Kxe6 45. Kxa6 Ke5 46. Kxb5
Kxe4 47. a4 g5 48. hxg5 hxg5 49. a5 g4 50. a6 Kf3 51. a7 Kg2 52. a8=Q+ Kxh2 53.
Qh8+ Kg2 54. Qxg7 g3 55. Kc4 Kf2 56. Qf6+ Ke2 57. Qe5+ Kf3 58. Qe1 Kg2 59. Kd3
Kh2 60. Qe5 Kh3 61. Qh5+ Kg2 62. Ke2 Kg1 63. Kf3 g2 64. Qg4 1-0